16 Great Turkic Empires - Statistics

General Stats
  • This quiz has been taken 29 times
  • The average score is 7 of 16
Answer Stats
Picture Hint Answer % Correct
1299-1922 Ottoman Empire
95%
1225-1502 Golden Horde
59%
220 BC-58 BC Great Hunnic Empire
59%
1037-1157 Great Seljuk Empire
59%
352-469 Europe Hunnic Empire
55%
1370-1507 Great Timurid Empire
55%
552-744 Göktürk Empire
50%
1526-1858 Baburid Empire
45%
440-567 White Hunnic Empire
36%
567-822 Avar Empire
32%
650-969 Khazar Empire
32%
744-847 Uyghur Khaganate
32%
963-1186 Ghaznavid Empire
27%
56 BC-36 BC Western Hunnic Empire
18%
1077-1231 Khwarazmian Empire
9%
840-1212 Karakhanid Khanate
5%
No matching quizzes found
Score Distribution
Percent of People with Each Score
Percentile by Number Answered
Your Score History
You have not taken this quiz